LEADER 01786nam a2200349 a 4500 001 000000011141 003 CaOOAMICUS 005 20150116104924.0 008 940516s1992 it u000 u ita r 020 $a8821167283 035 $a10274296 040 $aEFR$bita$dPUL(R) 245 03$aLa cattura della fine :$bvariazioni dell'escatologia in regime di cristianità /$ca cura di Giuseppe Ruggeri ; saggi di A. Gallas ... [et al.]. 260 $aGenova :$bMarietti,$c1992. 300 $axxxi, 281 p. ;$c21 cm 490 1 $aTesti e ricerche di scienze religiose (Istituto per le scienze religiose).$aNuova serie ;$v7 500 $aComprende indicazioni bibliografiche. 650 4$aEscatologia$yEvo medio.$0(OLS)http://pul/subject/8614 700 1 $aGallas, Alberto.$0(OLS)http://pul/name/10787 700 1 $aRuggieri, Giuseppe.$0(OLS)http://pul/name/7192 710 2 $aIstituto per le scienze religiose di Bologna.$0(OLS)http://pul/name/5207 830 0$aTesti e ricerche di scienze religiose (Istituto per le scienze religiose).$pNuova serie ;$v7.$0(OLS)http://pul/title/16190 850 $aPUL 852 $aPUL$W1$xDP1 Fondo Maccarrone$y58$m1520 E 5$j15779$nBK-PRI$b $qFondi$B15779$CPULBib$Z2$F15779 $H $81 852 $aPUL$W1$xDP1 Fondo Capitani$y116$m3 C 83$j163035$a2. copia$qFondi$B162837$CPULBib$Z2$F162837 $HCap1135 $82 941 1 $a1 961 $aINV: 5222 F. Maccarrone 961 $aNota ms. di possesso: Capitani. 996 $6020$a8821167283$9(OLS)http://pul/number/14255 996 $6245$aLa cattura della fine :$bvariazioni dell'escatologia in regime di cristianità$9(OLS)http://pul/title/16189 996 $6260$aGenova :$bMarietti$9(OLS)http://pul/publisher/48994 LEADER 01283nam a2200313 u 4500 001 000000052676 003 CaOOAMICUS 005 20070226115457.0 008 001023s1910 it u000 u ita u 035 $a10859134 040 $aPUL(R)$bita 041 1 $aita$hlat 100 1 $aHoratius Flaccus, Quintus,$d65-8 a.C.$0(OLS)http://pul/name/8724 240 10$aCarmina$9(Horatius Flaccus, Quintus, 65-8 a.C.).$lItaliano.$0(OLS)http://pul/title/70629 245 12$aI Carmi /$cQ. Orazio Flacco ; versione integrale italiana di Pietro Novelli con note e figure. 260 $aRoma :$bLoescher,$c1910. 300 $axcii, 357 p. :$bill. ;$c20 cm 490 1 $aIl pensiero greco-latino 504 $aNote bibliografiche. 700 1 $aNovelli, Pietro.$0(OLS)http://pul/name/8441 830 3$aIl pensiero greco-latino.$0(OLS)http://pul/title/70634 850 $aPUL 852 $aPUL$W1$xDP1 Fondo Ciprotti$y59$m1547 E 21$j69612$nBK-PRI$b $qFondi$B69612$CPULBib$Z2$F69612 $H $81 900 $aOrazio,$d65-8 a.C.$98724 900 $aFlaccus, Quintus Horatius,$d65-8 a.C.$98724 941 1 $a1 961 $aINV: Fondo Ciprotti 996 $6245$aI Carmi$9(OLS)http://pul/title/70633 996 $6260$aRoma :$bLoescher$9(OLS)http://pul/publisher/50291